[Event "45th Olympiad 2024"]
[Site "Budapest HUN"]
[Date "2024.09.15"]
[Round "5.14"]
[Board "3"]
[White "Sargissian, Gabriel"]
[Black "Hillarp Persson, Tiger"]
[Result "1-0"]
[WhiteElo "2646"]
[BlackElo "2457"]
[PlyCount "91"]
[EventDate "2024.09.11"]
[WhiteTeam "Armenia"]
[BlackTeam "Sweden"]
[WhiteTeamCountry "ARM"]
[BlackTeamCountry "SWE"]

1. d4 {Marin,Mihail} Nf6 2. c4 e6 3. Nf3 d5 4. g3 Bb4+ 5. Bd2 Be7 6. Bg2 O-O 7. O-O c6 8. Qc2 Nbd7 9. Rc1 a5 10. a4 Ne4 ({RR} 10... h6 11. Be1 b6 ({RR} 11... Re8 12. Nbd2) 12. cxd5 cxd5 13. Nc3 Bb7 14. Nb5 Rc8 15. Qd1 Rxc1 16. Rxc1 Qb8 17. Bd2 Rc8 18. Bf4 Rxc1 19. Qxc1 Qc8 20. Qxc8+ Bxc8 21. Ne5 Nxe5 22. Bxe5 Ne8 23. e3 Bd7) 11. Be3 ({RR} 11. Be1 f5 12. Nbd2 Bd6 13. e3 Ra7 ({RR} 13... b6 14. cxd5 cxd5 15. Qc6 Ba6 16. Nxe4 fxe4 17. Qxd6 exf3 18. Bh3) ({RR} 13... g5 14. Nb3 ({RR} 14. Nxe4 fxe4 15. Nd2 g4 16. Nb3 Bc7) 14... g4 ({RR} 14... b6 15. cxd5 cxd5 16. Nxg5 Qxg5 17. Bxe4 fxe4 18. Qc6) ({RR} 14... f4 15. exf4 gxf4 16. Qe2) ({RR} 14... Bc7 15. Nfd2 Qf6 16. f4 Kh8) 15. Nfd2 Ng5) 14. Qd1 b6 15. cxd5 cxd5 16. Nb1 Ba6 ({RR} 16... Nb8 17. Na3 Na6 18. Nb5 Ra8 19. Nxd6 Qxd6 20. Ne5) 17. Na3 Qa8 ({RR} 17... Bxa3 18. Rxa3 Rc7) ({RR} 17... Qb8 18. Nb5 Bxb5 19. axb5 Rc8 20. Qa4 ({RR} 20. Bf1 Rac7) 20... Rac7 21. Rc6 Qb7 22. Bf1 Nb8 ({RR} 22... Rxc6 23. bxc6 Rxc6 24. Ba6 Qc7 25. Bb5) 23. Rxc7 Qxc7 24. b4 axb4 25. Bxb4 Nd7 26. Ne1) 18. Nb5 Bxb5 19. axb5 Rc8 20. Bf1 ({RR} 20. Rxc8+ Qxc8 21. b4 a4 22. Rxa4 ({RR} 22. Ra3 Qa8 23. Qa1 g5) 22... Rxa4 23. Qxa4 Qc1) 20... Rxc1 ({RR} 20... Rac7 21. Rxc7 Rxc7 22. b4) 21. Rxc1 Rc7 22. Rxc7 Bxc7 23. Qa4 Qb8 ({RR} 23... g5 24. b4 g4 25. Nd2 Nxd2 26. Bxd2 Qd8 27. bxa5 bxa5 28. Bd3) 24. b4 axb4 25. Bxb4 h6 {1-0 Carlsen,M (2851)-Eljanov,P (2765) Norway Chess 4th 2016 (9)} ({RR} 25... g5 26. Qc2 Bd6 27. Qc6 Ndf6 28. Bxd6 Qxd6 29. Nxg5 Qxc6 30. bxc6 Nxg5 31. c7) ({RR} 25... Bd6 26. Bxd6 Qxd6 ({RR} 26... Nxd6 27. Qc2) 27. Qa8+ Kf7 28. Qc6)) 11... g5 $146 ({RR} 11... Nd6 12. b3 Bf6 13. Rd1 Nf5 14. Bc1 c5 15. e3 cxd4 16. exd4 Nb8 17. g4 Nh4 18. Nxh4 Bxh4 19. Ba3 Be7 20. Bxe7 Qxe7 21. Nc3 dxc4 22. bxc4 Nc6 23. Qe2 Rd8 24. d5 exd5 25. Qxe7 Nxe7 26. Nxd5 {½-½ Degtiarev,E (2385)-Santos Ruiz,M (2590) TCh-SUI 2023 (4.1)}) ({RR} 11... b6 12. cxd5 cxd5 13. Nbd2 Nef6 14. Bf4 Ba6 15. Qd1 Rc8 16. Rxc8 Qxc8 17. Rc1 Bxe2 18. Qe1 Qa6 19. Qxe2 Qxe2 20. Bf1 Qxf1+ 21. Kxf1 Ra8 22. Rc7 Kf8 23. Nb1 Bb4 24. Nc3 Bxc3 25. bxc3 Ke8 26. Ne5 {0-1 Degtiarev,E (2384)-Klimkowski,J (2506) 2nd Bundesliga Nord 23-24 2023 (8.1)}) ({RR} 11... f5 12. Nbd2 Bf6 13. Nxe4 fxe4 14. Nd2 Bg5 15. Nf1 Bf6 16. f4 Re8 17. g4 Nf8 18. g5 Be7 19. c5 Ng6 20. Ng3 Nh4 21. Rf1 g6 22. Bd2 Bf8 23. Ra3 Bg7 24. e3 b6 25. cxb6 Qxb6 26. Rb3 {0-1 Degtiarev,E (2380)-Przybylski,W (2321) Titled Tuesday intern op 22 Mar Late blitz 2022 (4)}) 12. Ne1 Nd6 13. Na3 Nf5 14. Qd3 Nxe3 15. Qxe3 Nb6 16. b3 Bf6 17. Rd1 Bg7 18. Nf3 h6 19. h4 gxh4 20. Nxh4 Qg5 21. f4 Qf6 22. Nf3 Bd7 23. Nc2 Qg6 24. Nfe1 dxc4 25. bxc4 Nxc4 26. Qf3 Rad8 27. Rab1 b5 28. Nd3 b4 29. Rbc1 Be8 30. Nc5 Nb6 31. e3 Nd5 32. Na1 Nc3 33. Nab3 Nxd1 34. Rxd1 Ra8 35. Bf1 Bf6 36. Bd3 Qg7 37. Kf2 Ra7 38. Rh1 Bd7 39. g4 Bc8 40. Rh5 Rd8 41. Qh1 Qxg4 42. Rxh6 Rd5 43. Be4 Qg7 44. Rh7 Qg4 45. Qh6 Rf5 46. Bf3 1-0

[Event "45th Olympiad 2024"]
[Site "Budapest HUN"]
[Date "2024.09.15"]
[Round "5.14"]
[Board "4"]
[White "Pantzar, Milton"]
[Black "Hovhannisyan, Robert"]
[Result "1/2-1/2"]
[WhiteElo "2437"]
[BlackElo "2619"]
[PlyCount "49"]
[EventDate "2024.09.11"]
[WhiteTeam "Sweden"]
[BlackTeam "Armenia"]
[WhiteTeamCountry "SWE"]
[BlackTeamCountry "ARM"]

1. d4 d5 2. c4 e6 3. Nc3 Nf6 4. cxd5 exd5 5. Bg5 c6 6. e3 Bf5 7. Qf3 Bg6 8. Bxf6 Qxf6 9. Qxf6 gxf6 10. h4 Nd7 11. h5 ({RR} 11. Kd2 Nb6 12. b3 Bb4 13. a3 Be7 14. h5 Bf5 15. Bd3 Bxd3 16. Kxd3 Rg8 17. g3 Nc8 18. Nge2 Nd6 19. Nf4 Kd7 20. a4 f5 21. Ke2 Ne4 22. Rac1 Bb4 23. Na2 Bd6 24. Nd3 Rae8 25. b4 Bxg3 {1-0 Ambartsumova,K (2418)-Skrondal,I (2292) Titled Tue 19th Mar Late 2024 (9)}) 11... Bf5 12. h6 $146 ({RR} 12. Nf3 a5 13. Nh4 Be6 14. Bd3 a4 15. a3 b5 16. f3 Nb6 17. Kf2 h6 18. g4 Bd6 19. Nf5 Bxf5 20. Bxf5 Nc4 21. Rhb1 Kd8 22. Bd3 Nd2 23. Rd1 Nb3 24. Rab1 Kc7 25. Bc2 Rhd8 26. Bxb3 axb3 {1-0 Moskalenko,V (2543)-Genovese,M (2244) Barcelona Sants op 08th 2006 (5)}) ({RR} 12. Nge2 Bd6 13. f4 h6 14. Ng3 Bh7 15. Rd1 Nb6 16. a3 Kd7 17. Kf2 f5 18. Bd3 Ke6 19. Rc1 a5 20. Nf1 a4 21. Nd2 Nd7 22. Bc2 b5 23. Nf3 Nb6 24. Ne1 Nc4 25. Nd3 Rae8 26. Bb1 Kd7 {½-½ Nakamura,H (2787)-Naiditsch,A (2709) Olympiad-41 Tromsoe 2014 (9.1)}) ({RR} 12. Nf3 a5 13. Nh4 Be6 14. Bd3 a4 15. O-O a3 16. b3 Bb4 17. Ne2 Nb6 18. f3 O-O 19. Kf2 Nc8 20. g4 Nd6 21. Rac1 Rfe8 22. Rc2 Rac8 23. h6 Kh8 24. Nf4 c5 25. dxc5 Bxc5 26. Rfc1 Bb6 {½-½ Knaak,R (2520)-Filip,M (2495) Rubinstein Memorial-14 1976 (12)}) 12... Rg8 13. Nge2 Rg6 14. Ng3 Be6 15. Bd3 Rxh6 16. Rxh6 Bxh6 17. f4 Nb6 18. Kf2 Bf8 19. Rh1 h6 20. f5 Bd7 21. Nh5 Be7 22. Nf4 Bf8 23. Nh5 Be7 24. Nf4 Bf8 25. Nh5 1/2-1/2

[Event "45th Olympiad 2024"]
[Site "Budapest HUN"]
[Date "2024.09.15"]
[Round "5.15"]
[Board "3"]
[White "Nisipeanu, Liviu-Dieter"]
[Black "Zhalmakhanov, Ramazan"]
[Result "1/2-1/2"]
[WhiteElo "2580"]
[BlackElo "2497"]
[PlyCount "55"]
[EventDate "2024.09.11"]
[WhiteTeam "Romania"]
[BlackTeam "Kazakhstan"]
[WhiteTeamCountry "ROU"]
[BlackTeamCountry "KAZ"]

1. e4 e5 2. Nf3 Nc6 3. Bc4 Nf6 4. d3 Be7 5. O-O O-O 6. Nc3 d6 7. a3 Be6 8. Nd5 Bxd5 ({RR} 8... h6 9. Re1 Re8 10. b4 Bf8 11. Nxf6+ Qxf6 12. Bxe6 Qxe6 13. c4 g6 14. Be3 Bg7 15. b5 Ne7 16. Rc1 f5 17. a4 Kh7 18. a5 a6 19. Bd2 Rf8 20. bxa6 bxa6 21. c5 d5 22. c6 fxe4 23. dxe4 {0-1 Firouzja,A (2777)-So,W (2753) chess.com SpeedChess 2023 (2.3)}) 9. exd5 Nb8 10. Re1 c6 $146 ({RR} 10... Nbd7 11. Bb3 Re8 12. c3 Bf8 13. h3 g6 14. Be3 Bg7 15. d4 e4 16. Nd2 Nh5 17. g4 Nhf6 18. c4 h5 19. Bc2 hxg4 20. hxg4 Nb6 21. b3 c6 22. g5 Nh5 23. dxc6 bxc6 24. Bxe4 d5 25. Bf3 {1-0 Kozak,A (2571)-Budrewicz,K (2184) Titled Tue 20th Jun Early 2023 (2)}) ({RR} 10... Nbd7 11. d4 e4 12. Nd2 Nb6 13. Bb3 Nfxd5 14. Nxe4 Nf6 15. c3 Nxe4 16. Rxe4 d5 17. Re5 Bf6 18. Rh5 c6 19. Bc2 g6 20. Qg4 Bg7 21. Rh3 Re8 22. Bg5 Qd7 23. Qh4 h5 24. Rg3 Qe6 25. h3 {0-1 Goryachkina,A (2553)-Aashman,G (2235) Titled Tue 9th Jan Early 2024 (11)}) ({RR} 10... Nbd7 11. d4 exd4 12. Qxd4 Re8 13. Bd2 a6 14. a4 Bf8 15. Rxe8 Qxe8 16. Re1 Qb8 17. a5 g6 18. b4 Bg7 19. Qf4 Qf8 20. h3 Re8 21. Rxe8 Qxe8 22. Qe3 Qxe3 23. Bxe3 Ne4 24. Nd4 Nc3 25. Kf1 {1-0 Tregubov,P (2553)-Gozzoli,Y (2575) ch-FRA Blitz 2023 (6.3)}) 11. dxc6 bxc6 12. b4 Nbd7 13. Bb3 a5 14. Bd2 Qc7 15. c4 Rfe8 16. Qc2 c5 17. bxa5 Bd8 18. Ba4 Qc8 19. a6 Rxa6 20. Bb5 Ra8 21. a4 Re7 22. Bg5 Re6 23. Bxf6 Nxf6 24. Ng5 Re7 25. Ne4 Re6 26. Ng5 Re7 27. Ne4 Re6 28. Ng5 1/2-1/2

[Event "45th Olympiad 2024"]
[Site "Budapest HUN"]
[Date "2024.09.15"]
[Round "5.16"]
[Board "3"]
[White "Avila Pavas, Santiago"]
[Black "Nabaty, Tamir"]
[Result "1/2-1/2"]
[WhiteElo "2485"]
[BlackElo "2630"]
[PlyCount "137"]
[EventDate "2024.09.11"]
[WhiteTeam "Colombia"]
[BlackTeam "Israel"]
[WhiteTeamCountry "COL"]
[BlackTeamCountry "ISR"]

1. e4 e5 2. Nf3 Nc6 3. Bc4 Bc5 4. d3 h6 5. c3 d6 6. Nbd2 Nge7 $146 ({RR} 6... Nf6 7. Nf1 Ng4 8. Ne3 Nxe3 9. Bxe3 Bxe3 10. fxe3 Bd7 11. O-O O-O 12. Qe1 Qe7 13. Nh4 Be6 14. Bxe6 Qxe6 15. Qg3 Ne7 16. Nf5 Ng6 17. h4 Qf6 18. Nxh6+ Kh7 19. Rxf6 gxf6 20. Ng4 Rg8 21. Nxf6+ {1-0 Plichta,A (1808)-Stawicki,M Olsztyn Vacation-A/B 2007 (1.5)}) ({RR} 6... Bg4 7. h3 Bh5 8. Nf1 Qf6 9. g4 Bg6 10. Ne3 Qd8 11. Qe2 a6 12. Bb3 Nge7 13. Nh4 Na5 14. Bc2 Ba7 15. Bd2 O-O 16. Nef5 d5 17. c4 c6 18. Nxe7+ Qxe7 19. Bxa5 dxc4 20. dxc4 b6 21. Bc3 {1-0 Garre Montes,M (1944)-Fornells Sendin,F (1612) IV Llinars Int Open 2024 (1.39)}) ({RR} 6... Nf6 7. Nf1 Bg4 8. h3 Bh5 9. Be3 Bxe3 10. Nxe3 Qd7 11. Nf5 Bxf3 12. Qxf3 Rg8 13. g4 O-O-O 14. Nxg7 Rxg7 15. Qxf6 Rdg8 16. Qxh6 Rg6 17. Qh4 Na5 18. Bb3 Nxb3 19. axb3 Qb5 20. Kd2 Qxb3 21. Rab1 {0-1 Pantelidis,K (1315)-Seretis,A GRE-ch Online Blitz op 1st 2021 (7)}) 7. Nf1 O-O 8. Ng3 Be6 9. Bxe6 fxe6 10. b4 Bb6 11. a4 a6 12. Be3 Ng6 13. O-O Qd7 14. Rb1 Rf6 15. d4 exd4 16. cxd4 d5 17. b5 axb5 18. axb5 Nce7 19. Ne5 Nxe5 20. dxe5 Rf7 21. Bxb6 cxb6 22. f4 Raf8 23. Nh5 Ng6 24. Qg4 Kh7 25. g3 dxe4 26. Rfd1 Qe8 27. Rd4 Qc8 28. Rxe4 Rd8 29. Qe2 Rc7 30. Rb2 Rc1+ 31. Kg2 Rdd1 32. Kh3 Qd7 33. Rc2 Rxc2 34. Qxc2 Rd2 35. Qc3 Ne7 36. Rc4 Qd5 37. Rc7 Qg2+ 38. Kg4 Nf5 39. Qf3 Qxh2 40. Qe4 Kh8 41. Rc8+ Kh7 42. Rc7 Rd8 43. Rxg7+ Kh8 44. Rg6 Ra8 45. Qf3 Ra3 46. Nf6 Qxg3+ 47. Qxg3 Rxg3+ 48. Kh5 Rh3+ 49. Kg4 Ne7 50. Kxh3 Nxg6 51. Kg4 Ne7 52. Nd7 Nd5 53. Nf8 Nc7 54. f5 Kg7 55. Nd7 Nxb5 56. fxe6 Nc7 57. Nxb6 Nxe6 58. Kf5 Nd4+ 59. Ke4 Nc6 60. Kf5 Kf7 61. e6+ Kg7 62. Nd5 Kf8 63. Kf6 Ke8 64. e7 Kd7 65. Nb6+ Ke8 66. Nd5 Nxe7 67. Nxe7 h5 68. Nf5 Kd7 69. Kg5 1/2-1/2

[Event "45th Olympiad 2024"]
[Site "Budapest HUN"]
[Date "2024.09.15"]
[Round "5.17"]
[Board "1"]
[White "Stefansson, Vignir Vatnar"]
[Black "Cheparinov, Ivan"]
[Result "0-1"]
[WhiteElo "2531"]
[BlackElo "2628"]
[PlyCount "84"]
[EventDate "2024.09.11"]
[WhiteTeam "Iceland"]
[BlackTeam "Bulgaria"]
[WhiteTeamCountry "ISL"]
[BlackTeamCountry "BUL"]

1. e4 c5 2. Nf3 d6 3. d4 cxd4 4. Qxd4 Nf6 5. Nc3 Nc6 6. Qe3 g6 7. Bc4 Bg7 8. O-O ({RR} 8. h3 O-O 9. O-O Nd7 10. Rd1 b6 11. Nd5 Bb7 12. c3 Rc8 13. Bb3 Nc5 14. Bc2 e6 15. Nf4 Qe7 16. Qe2 Rfd8 17. Rb1 Ne5 18. Nd4 a6 19. a4 h5 20. f3 Qf6 21. Qf2 h4 22. b3 d5 {1-0 Aronian,L (2773)-Carlsen,M (2863) Chess24 Banter Blitz Cup Final 2020 (3.2)}) 8... O-O 9. Rd1 $146 ({RR} 9. h3 a6 10. a4 Bd7 11. Rd1 Rc8 12. Qe2 Qc7 13. Bg5 e6 14. Rd2 h6 15. Bh4 Nh5 16. Rad1 Ne5 17. Nxe5 Bxe5 18. Bb3 Bc6 19. g3 Ng7 20. f4 Bxc3 21. bxc3 d5 22. exd5 exd5 23. Bf6 Rfe8 {½-½ Fus,J (2417)-Matlakov,M (2662) Titled Tue 7th Mar Late 2023 (5)}) ({RR} 9. h3 Na5 10. Be2 Be6 11. Rd1 Qc8 12. Qg5 Nc4 13. Qh4 a6 14. a4 Qc7 15. Bxc4 Bxc4 16. a5 Rfe8 17. Bh6 Rac8 18. Bxg7 Kxg7 19. Qg5 Qc6 20. Nd4 Qc5 21. Qe3 Kg8 22. Qe1 e5 23. Na4 Qc7 {1-0 Zhu,J (2463)-Raja,R (2532) III Menorca Open 2024 (8.17)}) 9... Bg4 10. e5 Nxe5 11. Nxe5 Bxd1 12. Nxf7 Rxf7 13. Bxf7+ Kxf7 14. Nxd1 d5 15. Qb3 Qb6 16. Be3 Qxb3 17. axb3 a6 18. Bd4 e5 19. Bxe5 Re8 20. f4 Ng4 21. Nc3 Bxe5 22. fxe5 Rxe5 23. Rf1+ Ke7 24. Nd1 Ke6 25. h3 Nf6 26. Rf3 Re1+ 27. Rf1 Rxf1+ 28. Kxf1 d4 29. Ke2 Ke5 30. Nf2 Kf4 31. c3 dxc3 32. bxc3 Ne4 33. Nd3+ Kg3 34. c4 Kxg2 35. Ke3 Nd6 36. Nf4+ Kg3 37. c5 Nf7 38. Ke4 g5 39. Ne6 Kxh3 40. Kf5 h5 41. Kg6 Kg4 42. Kxf7 h4 0-1

[Event "45th Olympiad 2024"]
[Site "Budapest HUN"]
[Date "2024.09.15"]
[Round "5.17"]
[Board "3"]
[White "Stefansson, Hannes"]
[Black "Petrov, Martin"]
[Result "1/2-1/2"]
[WhiteElo "2471"]
[BlackElo "2536"]
[PlyCount "79"]
[EventDate "2024.09.11"]
[WhiteTeam "Iceland"]
[BlackTeam "Bulgaria"]
[WhiteTeamCountry "ISL"]
[BlackTeamCountry "BUL"]

1. e4 c5 2. Nf3 d6 3. d4 cxd4 4. Nxd4 Nf6 5. Nc3 a6 6. Be3 e5 7. Nf3 Be7 8. Bc4 Be6 9. Bb3 Nbd7 10. O-O Rc8 11. Ng5 ({RR} 11. Nh4 Nc5 12. Bxc5 Rxc5 13. Re1 Qd7 14. g3 O-O 15. Ng2 Bd8 16. Qd3 Ba5 17. Rad1 Rd8 18. Re3 Bxc3 19. bxc3 b5 20. Qe2 Qc6 21. Qe1 h6 22. f3 Rc8 23. Rdd3 Bc4 24. Bxc4 Rxc4 25. h4 a5 {0-1 Karjakin,S (2754)-Giri,A (2776) Bucharest Superbet rapid 2019 (3)}) 11... Bxb3 $146 ({RR} 11... Bc4 12. Bxc4 Rxc4 13. Qd3 Qc7 14. Nf3 O-O {0-1 Kopylov,D (2326)-Donchenko,A (2602) Maastricht Limburg op 14th 2022 (3)}) ({RR} 11... Bc4 12. Bxc4 Rxc4 13. Qd3 Qc7 14. Nf3 O-O 15. Nd2 Rc6 16. a4 h6 17. Rfc1 Rc8 18. f3 Nb6 19. Kf1 d5 20. exd5 Rxc3 21. Qxc3 Qd7 22. Qxe5 Nbxd5 23. Bf2 Bd6 24. Qd4 Bc5 25. Qd3 Qc7 26. Bxc5 {½-½ Brunello,M (2345)-Bodnaruk,A (2340) Eva Moser Mem 2024 (1.2)}) ({RR} 11... Bc4 12. Bxc4 Rxc4 13. Qd3 Qc7 14. Nf3 O-O 15. Nd2 Rc6 16. Bg5 Rc8 17. Nd5 Qd8 18. Bxf6 Nxf6 19. Nxf6+ Bxf6 20. c3 {½-½ Ly,M (2481)-Cheng,B (2576) 20th BCC Open 2022 (4.1)}) 12. cxb3 O-O 13. h3 b5 14. a3 h6 15. Nf3 Nc5 16. Bxc5 Rxc5 17. b4 Rc4 18. Re1 Qd7 19. Qe2 Rfc8 20. Rad1 Qe6 21. Nh2 Bd8 22. Ng4 Nxg4 23. Qxg4 R8c6 24. Re2 Bb6 25. Red2 Rd4 26. g3 g6 27. Kg2 Kg7 28. Qf3 Qb3 29. g4 Rxd2 30. Rxd2 Bd4 31. Ne2 Qxf3+ 32. Kxf3 Bb6 33. Nc3 Kf6 34. Rd3 Ke6 35. Ke2 Rc4 36. Rf3 Bd8 37. Rd3 Bb6 38. Rf3 Bd8 39. Rd3 Bb6 40. Rf3 1/2-1/2

[Event "45th Olympiad 2024"]
[Site "Budapest HUN"]
[Date "2024.09.15"]
[Round "5.70"]
[White "Salinas Herrera, Pablo"]
[Black "Prohaszka, Peter2"]
[Result "1-0"]
[WhiteElo "2479"]
[BlackElo "2542"]
[PlyCount "139"]
[EventDate "2024.09.11"]
[WhiteTeam "Chile"]
[BlackTeam "Hungary B"]
[WhiteTeamCountry "CHI"]

1. e4 e5 2. Nf3 Nc6 3. Nc3 Nf6 4. Bb5 Bc5 5. O-O O-O 6. Bxc6 dxc6 7. d3 Re8 ({RR} 7... Nd7 8. a4 a5 9. Be3 Bd6 10. Nd2 Re8 11. Kh1 Nf8 12. f4 exf4 13. Bxf4 Be6 14. Qh5 Ng6 15. Bxd6 cxd6 16. Ne2 d5 17. b3 Qh4 18. Qxh4 Nxh4 19. exd5 Bxd5 20. Nf4 Rad8 21. Rae1 Kf8 22. Kg1 {0-1 Grischuk,A (2745)-Fressinet,L (2626) Chessable Masters Play-In 2023 (3)}) 8. Kh1 $146 ({RR} 8. h3 h6 9. Kh1 b5 10. Ne2 Be6 11. Ng3 Qc8 12. Nh2 Qd7 13. f4 exf4 14. Bxf4 Rad8 15. Nh5 Nh7 16. Qf3 f5 17. Qg3 Kh8 18. Be5 Rg8 19. exf5 Bd5 20. Nf4 Bf7 21. Qh4 Rge8 22. Qxh6 Rxe5 {0-1 Mansurova,M (1743)-Haussernot,C (2108) Titled Tue 13th Aug Late 2024 (6)}) ({RR} 8. Bg5 a6 9. h3 h6 10. Bh4 Qd6 11. Qd2 Nh5 12. Ne2 Qg6 13. Ng3 Nxg3 14. Bxg3 Qxg3 15. Kh1 Qg6 16. Rae1 Qh5 17. d4 exd4 18. Nxd4 Qe5 19. c3 Bd6 20. f4 Qh5 21. Nf5 Bxf5 22. exf5 Qxf5 {0-1 Mindt,F (1150)-Dyga,R (1579) Karl Mala Memorial op-B 16th 2013 (6)}) 8... Bg4 9. h3 Bh5 10. Be3 Nd7 11. g4 Bg6 12. Ne2 Bf8 13. Rg1 Nc5 14. Rg3 f6 15. Nh4 Ne6 16. Qd2 Bc5 17. Nf5 Kh8 18. Rag1 Rg8 19. Qc3 Qf8 20. Bxc5 Qxc5 21. Qxc5 Nxc5 22. f4 Ne6 23. fxe5 fxe5 24. Nh4 Rgf8 25. Nf3 Nf4 26. Nc3 Rae8 27. Rf1 Kg8 28. Kh2 Ne6 29. Rgg1 Nd4 30. Nxd4 exd4 31. Ne2 Rxf1 32. Rxf1 c5 33. b3 a5 34. Kg3 a4 35. h4 b6 36. h5 Bf7 37. Nf4 h6 38. Kh4 a3 39. Ne2 Be6 40. Ng3 Kh7 41. Nf5 b5 42. Kg3 Rd8 43. Kf4 Bf7 44. Rd1 Kg8 45. Rd2 Rd7 46. Re2 Kf8 47. Rf2 Kg8 48. Ke5 Kf8 49. Rg2 Rd8 50. Rd2 Kg8 51. Kf4 Kh7 52. Rh2 Be6 53. Rf2 Bf7 54. Kg3 Be6 55. Ne7 c4 56. Nc6 Rd6 57. Ne5 cxb3 58. cxb3 Ra6 59. Rf1 c5 60. Ng6 c4 61. Rf8 Bg8 62. bxc4 bxc4 63. dxc4 Ra5 64. e5 d3 65. Rd8 Rd5 66. Rxg8 Kxg8 67. Ne7+ Kf7 68. Nxd5 d2 69. Nc3 Ke6 70. Kf4 1-0

[Event "45th Olympiad 2024"]
[Site "Budapest HUN"]
[Date "2024.09.15"]
[Round "5.19"]
[Board "2"]
[White "Quizon, Daniel"]
[Black "Demchenko, Anton"]
[Result "1/2-1/2"]
[WhiteElo "2490"]
[BlackElo "2597"]
[PlyCount "166"]
[EventDate "2024.09.11"]
[WhiteTeam "Philippines"]
[BlackTeam "Slovenia"]
[WhiteTeamCountry "PHI"]
[BlackTeamCountry "SLO"]

1. e4 e5 2. Nf3 Nc6 3. Bb5 a6 4. Ba4 Nf6 5. d3 d6 6. c3 g6 7. O-O Bg7 8. Nbd2 O-O 9. Re1 h6 10. Nf1 ({RR} 10. h3 Re8 11. Nf1 b5 12. Bc2 d5 13. Bd2 Bb7 14. Ng3 dxe4 15. dxe4 Nb8 16. a4 Nbd7 17. Qe2 Rb8 18. b4 c5 19. axb5 axb5 20. Ra5 Bc6 21. Rea1 Bf8 22. Ra7 Qc8 23. Bb3 c4 24. Bc2 Ra8 {½-½ Efimenko,Z (2706)-Berkes,F (2696) FIDE World Cup 2011 (2.1)}) 10... Nh7 11. d4 $146 ({RR} 11. Ng3 Qf6 12. h3 Nd8 13. d4 Ne6 14. Be3 Nhg5 15. Nxg5 hxg5 16. dxe5 dxe5 17. Nf1 Rd8 18. Qc2 Nf4 19. Nh2 c5 20. Bb3 b5 21. Bxf4 gxf4 22. Bd5 Rb8 23. Qe2 Be6 24. Rad1 Bxd5 25. exd5 Re8 {0-1 Kakavand,R (1958)-Lorparizangeneh,S (2467) 20th Iranian Super League 2024 (1.5)}) ({RR} 11. Ng3 Bd7 12. Bd2 f5 13. exf5 gxf5 14. Nh5 Be8 15. Nxg7 Kxg7 16. c4 Bh5 17. Bc3 Rf6 18. Qd2 Bxf3 19. gxf3 Rg6+ 20. Kh1 Qh4 21. Rg1 Ng5 22. Rg3 Nd4 23. Bd1 Kh7 24. Be2 Rag8 25. Rag1 f4 {0-1 Cederstam,C (2263)-Falkevall,A (2325) Uppsala Weekend Gp1 2024 (5.1)}) 11... exd4 12. Nxd4 Bd7 13. Nxc6 Bxc6 14. Bxc6 bxc6 15. Qa4 Qd7 16. Be3 Rfb8 17. Re2 Nf8 18. Bd4 c5 19. Qxd7 Nxd7 20. Bxg7 Kxg7 21. Ne3 a5 22. a4 Nb6 23. Nd5 Rb7 24. Nxb6 Rxb6 25. Rd1 Re8 26. Rdd2 f5 27. exf5 Rxe2 28. Rxe2 gxf5 29. f4 Kf6 30. Rd2 Rb8 31. Kf2 h5 32. g3 Ke6 33. h3 d5 34. g4 hxg4 35. hxg4 fxg4 36. Kg3 Rg8 37. Re2+ Kf6 38. Re5 c6 39. Rh5 c4 40. Rh2 Kf5 41. Re2 Kf6 42. Rh2 Kf5 43. Re2 Rh8 44. Re5+ Kf6 45. Re2 c5 46. Re5 d4 47. cxd4 cxd4 48. Rd5 d3 49. Kxg4 Rh1 50. Kf3 Re1 51. Rd4 Ke6 52. Rd8 Rb1 53. Rd4 Rxb2 54. Rxc4 Kd5 55. Rc8 Re2 56. f5 Kd4 57. Rd8+ Kc4 58. f6 Re6 59. f7 Rf6+ 60. Ke3 Rxf7 61. Rd4+ Kb3 62. Kxd3 Rf3+ 63. Kd2 Rf2+ 64. Kd3 Rf1 65. Kd2 Rf2+ 66. Kd3 Ra2 67. Rh4 Ra3 68. Kd2 Kb2 69. Rg4 Ra2 70. Kd3 Kb3 71. Rh4 Rg2 72. Rf4 Rg5 73. Rd4 Rc5 74. Rh4 Rd5+ 75. Rd4 Rxd4+ 76. Kxd4 Kxa4 77. Kc3 Ka3 78. Kc2 Ka2 79. Kc1 a4 80. Kc2 a3 81. Kc1 Kb3 82. Kb1 a2+ 83. Ka1 Ka3 1/2-1/2

[Event "45th Olympiad 2024"]
[Site "Budapest HUN"]
[Date "2024.09.15"]
[Round "5.19"]
[Board "3"]
[White "Subelj, Jan"]
[Black "Bersamina, Paulo"]
[Result "1/2-1/2"]
[WhiteElo "2498"]
[BlackElo "2425"]
[PlyCount "61"]
[EventDate "2024.09.11"]
[WhiteTeam "Slovenia"]
[BlackTeam "Philippines"]
[WhiteTeamCountry "SLO"]
[BlackTeamCountry "PHI"]

1. e4 d5 2. exd5 Qxd5 3. Nc3 Qa5 4. d4 Nf6 5. Bc4 Bf5 6. Nf3 e6 7. O-O c6 8. Nh4 Bg6 9. h3 $146 ({RR} 9. Nxg6 hxg6 10. Re1 Nbd7 11. Bf4 Bb4 12. Qf3 Qh5 13. Qg3 Nb6 14. Be2 Qa5 15. Be5 O-O-O 16. Bf3 Nc4 17. Re2 Nxe5 18. dxe5 Bxc3 19. bxc3 Qxc3 20. Rb1 Nh5 21. Qg5 Rd7 22. h4 Rhd8 23. Re3 Qxc2 {1-0 Sale,S (2410)-Rukavina,J (2430) CRO-chT Porec 1998 (4)}) ({RR} 9. Qe2 Be7 10. h3 Nd5 11. Nxg6 hxg6 12. Ne4 Nd7 13. c3 Qc7 14. Re1 N7f6 15. Nc5 Bxc5 16. dxc5 O-O 17. Qc2 e5 18. Bg5 Rfe8 19. Rad1 Rad8 20. Rd2 Rd7 21. b4 a6 22. a4 Kf8 23. Red1 Red8 {1-0 Pranesh,M (2505)-Sahoo,U (2360) 5th Yerevan Open A 2023 (5.3)}) ({RR} 9. Nxg6 hxg6 10. Bf4 Nbd7 11. h3 Nb6 12. Bd3 O-O-O 13. Ne2 Nbd5 14. Bd2 Qc7 15. c4 Nb4 16. Bxb4 Bxb4 17. c5 Ng4 18. Ng3 Nxf2 19. Rxf2 Qxg3 20. Rf3 Qh4 21. Qb3 Qxd4+ 22. Kh1 Rd5 23. a3 Bxc5 {0-1 Radovanovic,B-Freienstein,F Zuerich op-A 21th 1997}) 9... Be7 10. Nxg6 hxg6 11. Bf4 Nbd7 12. Re1 O-O 13. Qd2 Bb4 14. a3 Bxc3 15. Qxc3 Qxc3 16. bxc3 Nd5 17. Bd2 b5 18. Bd3 N7b6 19. a4 Nc4 20. Bxc4 bxc4 21. a5 c5 22. Re4 Rfc8 23. Ra4 f5 24. Rxe6 cxd4 25. Rd6 dxc3 26. Rxd5 cxd2 27. Rxd2 Rab8 28. Rd4 Rb5 29. Raxc4 Rxc4 30. Rxc4 Rxa5 31. Rc7 1/2-1/2

[Event "45th Olympiad 2024"]
[Site "Budapest HUN"]
[Date "2024.09.15"]
[Round "5.19"]
[Board "4"]
[White "Garcia, Jan Emmanuel"]
[Black "Sebenik, Matej"]
[Result "1/2-1/2"]
[WhiteElo "2380"]
[BlackElo "2515"]
[PlyCount "61"]
[EventDate "2024.09.11"]
[WhiteTeam "Philippines"]
[BlackTeam "Slovenia"]
[WhiteTeamCountry "PHI"]
[BlackTeamCountry "SLO"]

1. Nf3 d5 2. d4 e6 3. c4 c5 4. cxd5 exd5 5. g3 Nf6 6. Bg2 Nc6 7. O-O Be7 8. Nc3 O-O 9. dxc5 Bxc5 10. Na4 Be7 11. Be3 Re8 12. Rc1 Bg4 13. Nc5 Qb6 ({RR} 13... Bxc5 14. Bxc5 Qa5 15. Qb3 Qa6 16. Rfe1 Rad8 17. h3 Bh5 18. Qa3 Qxa3 19. Bxa3 Bxf3 20. Bxf3 Nd4 21. Kg2 Nxf3 22. Kxf3 Rc8 23. Red1 Rc6 24. Bc5 Rec8 25. Be3 a6 26. g4 h6 27. Rxc6 bxc6 28. Rc1 {1-0 Grachev,B (2693)-Halkias,S (2593) Zuerich op-A 35th 2011 (5)}) 14. Nb3 ({RR} 14. Ne6 Qa5 15. Bd2 Qb6 16. Be3 Qa5 17. Bd2 Qb6 18. Be3 Qa5 {½-½ Szabo,B (2343)-Csonka,A (2297) TCh-HUN 2023-24 (2.7)}) 14... Qa6 15. a3 h6 $146 ({RR} 15... Rac8 16. Re1 h6 17. h3 Bf5 18. g4 Be4 19. Qd2 b6 20. Bf4 Bf8 21. Nh4 g5 22. Bxg5 hxg5 23. Qxg5+ Bg7 24. f3 Bh7 25. Rxc6 Rxc6 26. Nd4 Ne4 27. fxe4 Rg6 28. Nxg6 Bxg6 29. Qxd5 Qc8 30. Nf5 {1-0 Hoeffer,D (2265)-Asendorf,J (2272) Oberliga Nord W 1415 2014 (2.4)}) ({RR} 15... Rac8 16. Re1 h6 17. h3 Bf5 18. Bc5 Be4 19. e3 Bxc5 20. Nxc5 Qb6 21. b4 a5 22. bxa5 {½-½ Reinderman,D (2598)-Swinkels,R (2485) NED-ch Amsterdam 2012 (5)}) 16. Qd3 Qxd3 17. exd3 Bf5 18. Rc3 Rac8 19. Rfc1 Ng4 20. Bd4 Nxd4 21. Nfxd4 Rxc3 22. Rxc3 Bg6 23. Bxd5 Bf6 24. Bxb7 Rd8 25. Rc8 Rxc8 26. Bxc8 Ne5 27. Nb5 Nf3+ 28. Kg2 Ne1+ 29. Kg1 Nf3+ 30. Kg2 Ne1+ 31. Kg1 1/2-1/2